| 000 | 00550nam a2200169 i 4500 | ||
|---|---|---|---|
| 001 | 79184 | ||
| 003 | ES-MaACL | ||
| 005 | 20230906173925.0 | ||
| 007 | t| | ||
| 008 | 041020s1929 sp ||||1| spa d | ||
| 100 | 1 |
_aHernández de Herrera, Carlos. _962918 |
|
| 245 | 1 | 0 |
_aAcción de España en Marruecos _b: 1492-1929 / _cpor Carlos Hernández de Herrera y Tomás García Figueras. |
| 260 |
_aMadrid : _b[s.n., _c1929] ( _fImp. Municipal) |
||
| 300 |
_a2 v. ; _c33 cm. |
||
| 700 | 1 |
_aGarcía Figueras, Tomás. _954615 |
|
| 852 |
_aES-MaACL _jF-13658-59 |
||
| 999 |
_c79184 _d79184 |
||